[Event "Woerishofen sen 2016"]
[Site "Bad Woerishofen"]
[Date "2016.02.28"]
[Round "3.55"]
[White "Weyand, Fernand"]
[Black "Schmid, Arnold"]
[Result "1-0"]
[WhiteElo "1788"]
[BlackElo "1578"]
[PlyCount "119"]
[EventDate "2016.02.26"]
[EventType "swiss"]
[EventCountry "GER"]
[WhiteTeam "Saarbruecken SVG"]
[BlackTeam "Oberbilker SV"]
[WhiteTeamCountry "GER"]
[BlackTeamCountry "GER"]

1. e4 c6 2. d4 d5 3. e5 Bf5 4. Nc3 e6 5. h4 h6 6. g4 Bh7 7. Be3 Nd7 8. Qd2 c5
9. f4 cxd4 10. Bxd4 Be7 11. Nf3 Be4 12. Bg2 Bxf3 13. Bxf3 Bxh4+ 14. Bf2 Bxf2+
15. Qxf2 a6 16. O-O-O Qb6 17. Qd2 Ne7 18. g5 Nf5 19. gxh6 Rxh6 20. Rxh6 Nxh6
21. Ne4 Nf5 22. Ng5 Qe3 23. Qxe3 Nxe3 24. Rh1 Ke7 25. Rh7 Nf5 26. Bh5 Rf8 27.
c3 Nc5 28. Kd2 Ne4+ 29. Nxe4 dxe4 30. Bd1 Rd8+ 31. Ke1 g6 32. Rh3 e3 33. Rh2
Rd5 34. Re2 Rb5 35. b3 Rc5 36. c4 b5 37. Bc2 Nd4 38. Bd3 Nxe2 39. Kxe2 bxc4 40.
Bxc4 a5 41. a4 Rc8 42. Kxe3 Rh8 43. Kd4 Rh4 44. Kc5 Rxf4 45. Kb5 Re4 46. Kxa5
Rxe5+ 47. Kb6 Kd6 48. a5 Rc5 49. a6 Rc6+ 50. Kb7 g5 51. a7 Rc7+ 52. Kb8 Rxa7
53. Kxa7 g4 54. b4 g3 55. Bf1 e5 56. b5 e4 57. b6 e3 58. b7 e2 59. b8=Q+ Ke7
60. Qe5+ 1-0

[Event "Woerishofen sen 2016"]
[Site "Bad Woerishofen"]
[Date "2016.02.28"]
[Round "3.56"]
[White "Auterhoff, Juergen"]
[Black "Gepting, Konrad"]
[Result "1-0"]
[WhiteElo "1763"]
[BlackElo "1620"]
[PlyCount "87"]
[EventDate "2016.02.26"]
[EventType "swiss"]
[EventCountry "GER"]
[WhiteTeam "Pasing SC"]
[BlackTeam "Marktoberdorf SK"]
[WhiteTeamCountry "GER"]
[BlackTeamCountry "GER"]

1. e4 b6 2. d4 Bb7 3. Nc3 e6 4. a3 Nf6 5. Bd3 h6 6. Nf3 d5 7. exd5 Nxd5 8. Nxd5
Bxd5 9. c3 Bc6 10. O-O Nd7 11. Qe2 Bd6 12. Be4 Bxe4 13. Qxe4 O-O 14. Be3 Nf6
15. Qh4 Nd5 16. Qe4 Nxe3 17. Qxe3 c5 18. Rad1 Qc7 19. h3 cxd4 20. Nxd4 Qc5 21.
Rfe1 e5 22. Nf3 f6 23. Qe4 f5 24. Qd5+ Qxd5 25. Rxd5 Rad8 26. Kf1 e4 27. Nd4
Be7 28. Rxd8 Bxd8 29. Rd1 Bg5 30. Ne6 Rf7 31. Nxg5 hxg5 32. Rd5 g6 33. c4 g4
34. hxg4 fxg4 35. Rg5 Kg7 36. Ke2 Kf6 37. Rxg4 Kf5 38. Rg3 g5 39. f3 Re7 40.
Ke3 exf3+ 41. Kxf3 Re4 42. Rxg5+ Kxg5 43. Kxe4 Kg4 44. b4 1-0

[Event "Woerishofen sen 2016"]
[Site "Bad Woerishofen"]
[Date "2016.02.28"]
[Round "3.57"]
[White "Wagner, Gerhard"]
[Black "Hartlaub, Marianne"]
[Result "1-0"]
[WhiteElo "1760"]
[BlackElo "1541"]
[PlyCount "35"]
[EventDate "2016.02.26"]
[EventType "swiss"]
[EventCountry "GER"]
[WhiteTeam "Windach SF"]
[BlackTeam "Klingenberg SK"]
[WhiteTeamCountry "GER"]
[BlackTeamCountry "GER"]

1. e4 d6 2. d4 Nf6 3. Nc3 c5 4. Nf3 Bg4 5. Be2 Nbd7 6. h3 Bh5 7. O-O e6 8. Be3
a6 9. Qd2 Be7 10. Rfd1 O-O 11. a4 Qc7 12. Bg5 Bxf3 13. Bxf3 Nb6 14. b3 Ne8 15.
Be3 e5 16. Qd3 Nd7 17. Ne2 f5 18. c3 1-0

[Event "Woerishofen sen 2016"]
[Site "Bad Woerishofen"]
[Date "2016.02.28"]
[Round "3.58"]
[White "Collins, Alan"]
[Black "Jurgan, Brigitte"]
[Result "1-0"]
[WhiteElo "1753"]
[BlackElo "1476"]
[PlyCount "57"]
[EventDate "2016.02.26"]
[EventType "swiss"]
[EventCountry "GER"]
[WhiteTeam "ENG"]
[BlackTeam "Grassau ASV"]
[WhiteTeamCountry "ENG"]
[BlackTeamCountry "GER"]

1. c4 e5 2. Nc3 c6 3. Nf3 d6 4. g3 Nf6 5. d3 g6 6. Bg2 Bg7 7. O-O O-O 8. Rb1
Na6 9. b4 Nc7 10. a4 a6 11. Be3 d5 12. Bb6 Qe7 13. Bc5 Qe8 14. Bxf8 Bxf8 15.
Nd2 d4 16. Nce4 Nxe4 17. Nxe4 Be7 18. f4 f5 19. Nd2 Bf6 20. c5 Rb8 21. Nc4 exf4
22. Rxf4 Be6 23. Rf1 Bxc4 24. dxc4 Qe3+ 25. Kh1 Re8 26. Bf3 Qc3 27. Qc1 Qe3 28.
b5 Qa3 29. Qxa3 1-0

[Event "Woerishofen sen 2016"]
[Site "Bad Woerishofen"]
[Date "2016.02.28"]
[Round "3.60"]
[White "Alefs, Heinz"]
[Black "Schulz, Franz"]
[Result "1/2-1/2"]
[WhiteElo "2016"]
[BlackElo "1643"]
[PlyCount "56"]
[EventDate "2016.02.26"]
[EventType "swiss"]
[EventCountry "GER"]
[WhiteTeam "Eichenau SC"]
[BlackTeam "Ebersbach SV"]
[WhiteTeamCountry "GER"]
[BlackTeamCountry "GER"]

1. c4 Nf6 2. g3 e6 3. Nc3 d5 4. cxd5 exd5 5. d4 c6 6. Bg2 Bf5 7. Qb3 Qc7 8. Nf3
Nbd7 9. O-O h6 10. Bd2 Bd6 11. Rac1 O-O 12. Nh4 Bh7 13. Nxd5 Nxd5 14. Bxd5 Nb6
15. Bg2 Rfe8 16. Rfe1 Qd7 17. e4 Be7 18. Nf3 Bf8 19. Ne5 Rxe5 20. dxe5 Qxd2 21.
e6 Bg6 22. a3 Qd6 23. Bh3 Qe7 24. f4 fxe6 25. f5 Bh7 26. Rf1 Kh8 27. fxe6 Bg8
28. Rcd1 Re8 1/2-1/2

[Event "Woerishofen sen 2016"]
[Site "Bad Woerishofen"]
[Date "2016.02.28"]
[Round "3.61"]
[White "Reichwald, Klaus"]
[Black "Koppenhoefer, Heinz"]
[Result "0-1"]
[WhiteElo "1852"]
[BlackElo "1672"]
[PlyCount "64"]
[EventDate "2016.02.26"]
[EventType "swiss"]
[EventCountry "GER"]
[WhiteTeam "Lohhof SC"]
[BlackTeam "Solln STSV"]
[WhiteTeamCountry "GER"]
[BlackTeamCountry "GER"]

1. e4 e5 2. Nf3 Nc6 3. Bb5 a6 4. Ba4 Bc5 5. O-O d6 6. h3 b5 7. Bb3 Nf6 8. d3 h6
9. c3 O-O 10. Nbd2 b4 11. Re1 Bb7 12. Nf1 Ne7 13. Ng3 a5 14. Nh4 Qd7 15. Nhf5
Nxf5 16. Nxf5 a4 17. Bc2 b3 18. axb3 axb3 19. Rxa8 Rxa8 20. Bxb3 Ra1 21. Qf3
Kh7 22. Bd2 Rxe1+ 23. Bxe1 Qb5 24. Bxf7 Qxb2 25. Qg3 g5 26. Qf3 Qc1 27. Qe2 Ba6
28. Bc4 Bxc4 29. dxc4 Qf4 30. Ng3 Qxg3 31. Kh1 Qf4 32. f3 Nh5 0-1

[Event "Woerishofen sen 2016"]
[Site "Bad Woerishofen"]
[Date "2016.02.28"]
[Round "3.62"]
[White "Gerst, Waldemar"]
[Black "Thonig, Manfred"]
[Result "0-1"]
[WhiteElo "1769"]
[BlackElo "1660"]
[PlyCount "116"]
[EventDate "2016.02.26"]
[EventType "swiss"]
[EventCountry "GER"]
[WhiteTeam "Grunbach SC"]
[BlackTeam "Starnberg SC"]
[WhiteTeamCountry "GER"]
[BlackTeamCountry "GER"]

1. e4 e5 2. Nf3 Nc6 3. d4 exd4 4. Nxd4 Bb4+ 5. c3 Ba5 6. Be3 a6 7. Be2 Nf6 8.
Bf3 Ne5 9. O-O d6 10. h3 Bd7 11. Nd2 c5 12. Nf5 Bxf5 13. exf5 Qd7 14. Ne4 Nxe4
15. Bxe4 O-O 16. Qd5 Qc6 17. Rfd1 Qxd5 18. Bxd5 Rab8 19. f4 Nd7 20. Bf3 Bc7 21.
Rd2 Rfe8 22. Kf2 Nf6 23. g3 b5 24. Re1 b4 25. c4 b3 26. Ra1 a5 27. Bc6 Re7 28.
Kf3 bxa2 29. Rxa2 Rb3 30. Re2 h5 31. Ra3 Rb6 32. Bb5 Rb8 33. Rd3 Kf8 34. g4
hxg4+ 35. hxg4 Rd8 36. Bc6 Ne8 37. Rh2 Kg8 38. g5 Bb6 39. g6 Nf6 40. Bf2 Rc7
41. Bb5 d5 42. Bh4 Rd6 43. Bxf6 Rxf6 44. gxf7+ Rfxf7 45. Rxd5 Rce7 46. Kg4 Re1
47. Re5 Rg1+ 48. Kf3 Bc7 49. Rxc5 g5 50. Rg2 Rf1+ 51. Rf2 Rxf2+ 52. Kxf2 Bb6
53. Bc6 Bxc5+ 54. Kf3 Rxf5 55. Kg4 Rxf4+ 56. Kxg5 Rf2 57. b3 Be7+ 58. Kg6 Rf6+
0-1

[Event "Woerishofen sen 2016"]
[Site "Bad Woerishofen"]
[Date "2016.02.28"]
[Round "3.63"]
[White "Hahn, Volker"]
[Black "Lubberich, Alfred"]
[Result "1/2-1/2"]
[WhiteElo "1679"]
[BlackElo "1848"]
[PlyCount "30"]
[EventDate "2016.02.26"]
[EventType "swiss"]
[EventCountry "GER"]
[WhiteTeam "DBSB"]
[BlackTeam "Nettetal SG"]
[WhiteTeamCountry "GER"]
[BlackTeamCountry "GER"]

1. d4 d5 2. Nf3 Nf6 3. c4 e6 4. Nc3 c6 5. Bg5 Nbd7 6. cxd5 cxd5 7. e3 Be7 8.
Bd3 h6 9. Bf4 a6 10. Rc1 O-O 11. h3 b5 12. O-O Bb7 13. Ne5 Rc8 14. a3 Nxe5 15.
Bxe5 Bd6 1/2-1/2

[Event "Woerishofen sen 2016"]
[Site "Bad Woerishofen"]
[Date "2016.02.28"]
[Round "3.64"]
[White "Winter, Reinhold"]
[Black "Buss, Richard"]
[Result "1-0"]
[WhiteElo "1748"]
[BlackElo "1657"]
[PlyCount "127"]
[EventDate "2016.02.26"]
[EventType "swiss"]
[EventCountry "GER"]
[WhiteTeam "Neuenkirchen SF"]
[BlackTeam "Heisfelde VfR"]
[WhiteTeamCountry "GER"]
[BlackTeamCountry "GER"]

1. c4 e6 2. d4 Nf6 3. g3 c6 4. Bg2 d5 5. cxd5 cxd5 6. Bg5 Be7 7. Nf3 Nc6 8. O-O
h6 9. Bxf6 Bxf6 10. e3 O-O 11. Nc3 a6 12. a3 Bd7 13. b4 b5 14. Qd2 Rc8 15. Rfc1
Ne7 16. Rc2 Rc7 17. Rac1 Qb8 18. Ne5 Bxe5 19. dxe5 Rfc8 20. f4 Be8 21. h3 g6
22. g4 Kg7 23. Kh2 Rc4 24. Bf1 R4c7 25. Bd3 Bd7 26. Bf1 Be8 27. e4 dxe4 28.
Nxe4 Rxc2 29. Rxc2 Rxc2 30. Qxc2 Nd5 31. Qd2 Qb6 32. Nc5 Bc6 33. Bg2 Qa7 34. f5
gxf5 35. gxf5 exf5 36. Bxd5 Bxd5 37. Qxd5 a5 38. e6 Qc7+ 39. Kh1 Qf4 40. Qg2+
Kf6 41. exf7 Kxf7 42. Qa2+ Kf6 43. Qe6+ Kg5 44. Qe7+ Kh5 45. Qe2+ Kh4 46. Nd3
Qe4+ 47. Qxe4+ fxe4 48. Nc5 e3 49. Kg2 axb4 50. axb4 h5 51. Nd3 Kg5 52. Kg3 h4+
53. Kf3 Kf5 54. Kxe3 Ke6 55. Ke4 Kd6 56. Nf4 Ke7 57. Ng6+ Kf6 58. Nxh4 Kg5 59.
Nf3+ Kf6 60. h4 Kg6 61. Kf4 Kh5 62. Kg3 Kg6 63. Kg4 Kh6 64. Nd4 1-0

[Event "Woerishofen sen 2016"]
[Site "Bad Woerishofen"]
[Date "2016.02.28"]
[Round "3.65"]
[White "Braeu, Emmi"]
[Black "Koch, Dieter"]
[Result "0-1"]
[WhiteElo "1624"]
[BlackElo "1747"]
[PlyCount "90"]
[EventDate "2016.02.26"]
[EventType "swiss"]
[EventCountry "GER"]
[WhiteTeam "Marktoberdorf SK"]
[BlackTeam "-"]
[WhiteTeamCountry "GER"]

1. Nf3 d6 2. c4 e5 3. Nc3 c6 4. g3 f5 5. d3 Nf6 6. Bg2 Be7 7. O-O O-O 8. b4 Qe8
9. a4 Qh5 10. b5 Ng4 11. h3 Nh6 12. e3 g5 13. Nh2 Qg6 14. Bd2 Nf7 15. a5 Bd7
16. Qe2 Bf6 17. Rfb1 f4 18. Be4 Qg7 19. Ng4 Nh6 20. bxc6 Bxc6 21. Bd5+ Kh8 22.
Ne4 Be7 23. Bxc6 Nxc6 24. Rxb7 Nf5 25. a6 f3 26. Qd1 h5 27. Nh2 g4 28. h4 Rg8
29. Rab1 Qg6 30. Rd7 Rad8 31. Rbb7 Rxd7 32. Rxd7 Bxh4 33. Qa4 Nce7 34. Qb5 Bg5
35. Qb7 h4 36. Qxa7 hxg3 37. Nxg3 Nxg3 38. e4 Ne2+ 39. Kf1 Qh5 40. Rxe7 Bxe7
41. Qxe7 g3 42. Qf6+ Kh7 43. Qf5+ Qxf5 44. exf5 g2+ 45. Ke1 g1=Q+ 0-1

[Event "Woerishofen sen 2016"]
[Site "Bad Woerishofen"]
[Date "2016.02.28"]
[Round "3.66"]
[White "Haubt, Georg"]
[Black "Engl, Heinz"]
[Result "1-0"]
[WhiteElo "2125"]
[BlackElo "2015"]
[PlyCount "79"]
[EventDate "2016.02.26"]
[EventType "swiss"]
[EventCountry "GER"]
[WhiteTeam "Oberursel SV"]
[BlackTeam "Muenchen Blinden SC"]
[WhiteTeamCountry "GER"]
[BlackTeamCountry "GER"]

1. d4 d5 2. Bg5 Nd7 3. Nd2 Ngf6 4. c4 e6 5. e3 Be7 6. Bd3 O-O 7. Ngf3 h6 8. Bh4
b6 9. Rc1 Bb7 10. cxd5 exd5 11. Bg3 c5 12. Bb1 Rc8 13. O-O Ne4 14. Nxe4 dxe4
15. Nd2 Nf6 16. Nb3 c4 17. Nd2 Qd5 18. Be5 Bb4 19. Bxf6 Bxd2 20. Bxg7 Kxg7 21.
Qxd2 f5 22. Qb4 Qe6 23. Bc2 a5 24. Qc3 Bd5 25. Bd1 Kh7 26. f3 Rg8 27. Rc2 b5
28. a3 Rg7 29. Rcf2 Qb6 30. b4 axb4 31. Qxb4 f4 32. Qc3 Qe6 33. exf4 e3 34. Re2
Rcg8 35. f5 Qe7 36. f6 Qxf6 37. Qxe3 Qd6 38. Bc2+ Kh8 39. Be4 Be6 40. Qxh6+ 1-0

[Event "Woerishofen sen 2016"]
[Site "Bad Woerishofen"]
[Date "2016.02.28"]
[Round "3.67"]
[White "Dittmann, Heinz"]
[Black "Birkestrand, Odd"]
[Result "0-1"]
[WhiteElo "1565"]
[BlackElo "1746"]
[PlyCount "78"]
[EventDate "2016.02.26"]
[EventType "swiss"]
[EventCountry "GER"]
[WhiteTeam "Nettetal SG"]
[BlackTeam "NOR"]
[WhiteTeamCountry "GER"]
[BlackTeamCountry "NOR"]

1. d4 Nf6 2. Nf3 d5 3. e3 g6 4. Bd3 Bg7 5. Nbd2 O-O 6. O-O Nbd7 7. c3 c5 8. Re1
b6 9. e4 dxe4 10. Nxe4 Bb7 11. Bg5 cxd4 12. Nxd4 h6 13. Nxf6+ Nxf6 14. Bh4 Re8
15. f3 a6 16. Bf2 e5 17. Nc2 Qc7 18. Ne3 e4 19. fxe4 Nxe4 20. Qc2 Qf4 21. Nc4
b5 22. Be3 Qc7 23. Nd2 Nc5 24. Rad1 Nxd3 25. Qxd3 Rad8 26. Qe2 Be5 27. Nf3 Bf4
28. Bxf4 Qxf4 29. Qf2 Rxe1+ 30. Qxe1 Rxd1 31. Qxd1 Bxf3 32. gxf3 Kg7 33. Kg2
Qc4 34. Qd4+ Qxd4 35. cxd4 Kf6 36. Kf2 Ke6 37. Ke3 Kd5 38. Kd3 g5 39. a3 f5 0-1

[Event "Woerishofen sen 2016"]
[Site "Bad Woerishofen"]
[Date "2016.02.28"]
[Round "3.69"]
[White "Sand, Rosemarie"]
[Black "Walther, Renate"]
[Result "1-0"]
[WhiteElo "1723"]
[BlackElo "1232"]
[PlyCount "125"]
[EventDate "2016.02.26"]
[EventType "swiss"]
[EventCountry "GER"]
[WhiteTeam "Tuebingen SV"]
[BlackTeam "Herzogenaurach SK"]
[WhiteTeamCountry "GER"]
[BlackTeamCountry "GER"]

1. d4 d5 2. c4 e6 3. Nf3 Nf6 4. g3 Nc6 5. Bg2 Bd7 6. Nbd2 Be7 7. O-O h6 8. a3
a5 9. Qc2 Ne4 10. Nxe4 dxe4 11. Qxe4 O-O 12. Be3 Bf6 13. Qc2 Re8 14. Rfd1 Rb8
15. d5 Ne5 16. Rac1 Ng4 17. dxe6 Rxe6 18. Bd4 Qe7 19. e3 c5 20. Bxf6 Nxf6 21.
h3 Bc6 22. Ne1 Re8 23. Bxc6 Rxc6 24. Ng2 Qe4 25. Qc3 Qf3 26. Ne1 Qf5 27. Kg2
Ne4 28. Qc2 Rg6 29. Rd5 Qe6 30. Rd3 Nf6 31. Qd1 Ne4 32. Rc2 Qf6 33. Qf3 Rg5 34.
Qxf6 Nxf6 35. Rcd2 Ne4 36. Rd1 Rf5 37. f3 Ng5 38. Rd8 Rfe5 39. Rxe8+ Rxe8 40.
h4 Ne6 41. Kf2 Rd8 42. Rxd8+ Nxd8 43. Nd3 b6 44. Ne5 Ne6 45. Nd7 b5 46. cxb5 c4
47. b6 Nd8 48. Ne5 Kf8 49. Nxc4 a4 50. Ke2 Ke7 51. Kd3 Kd7 52. Kc3 Kc6 53. Kb4
Kd5 54. Nd2 Kc6 55. Kxa4 Kxb6 56. b4 Nc6 57. Nc4+ Kc7 58. b5 Nb8 59. Kb4 Nd7
60. a4 Nb6 61. Nxb6 Kxb6 62. a5+ Ka7 63. Kc5 1-0

[Event "Woerishofen sen 2016"]
[Site "Bad Woerishofen"]
[Date "2016.02.29"]
[Round "4.1"]
[White "Kozlov, Alexander"]
[Black "Krieger, Hermann"]
[Result "1-0"]
[WhiteElo "2153"]
[BlackElo "2172"]
[PlyCount "53"]
[EventDate "2016.02.26"]
[EventType "swiss"]
[EventCountry "GER"]
[WhiteTeam "Stuttgarter SF"]
[BlackTeam "Ludwigshafen SK"]
[WhiteTeamCountry "GER"]
[BlackTeamCountry "GER"]

1. d4 f5 2. Nc3 d5 3. Bg5 g6 4. h4 Bg7 5. e3 h6 6. Bf4 Nf6 7. Nf3 Be6 8. Ne5
Bf7 9. g4 fxg4 10. Nxg4 c6 11. Ne5 Nbd7 12. Nxf7 Kxf7 13. Bd3 Nf8 14. Qf3 Qd7
15. Rg1 Qe6 16. Be5 Rg8 17. h5 Ke8 18. hxg6 Ne4 19. Bxg7 Rxg7 20. Nxe4 dxe4 21.
Qxe4 Qxe4 22. Bxe4 Rd8 23. f4 Rd6 24. f5 Rf6 25. Bd3 e6 26. e4 exf5 27. exf5
1-0

[Event "Woerishofen sen 2016"]
[Site "Bad Woerishofen"]
[Date "2016.02.29"]
[Round "4.2"]
[White "Haubt, Georg"]
[Black "Neese, Hans Joachim"]
[Result "1-0"]
[WhiteElo "2125"]
[BlackElo "2159"]
[PlyCount "109"]
[EventDate "2016.02.26"]
[EventType "swiss"]
[EventCountry "GER"]
[WhiteTeam "Oberursel SV"]
[BlackTeam "Hennef SV"]
[WhiteTeamCountry "GER"]
[BlackTeamCountry "GER"]

1. d4 d5 2. Nc3 Bf5 3. f3 e6 4. e4 Bg6 5. Nh3 dxe4 6. fxe4 Bb4 7. Nf2 c6 8. a3
Ba5 9. Be2 Nd7 10. O-O Ne7 11. b4 Bc7 12. Bg5 f6 13. Be3 Bf7 14. Bc4 Nb6 15.
Bb3 O-O 16. Ne2 Ng6 17. Nd3 e5 18. c3 Nc4 19. Bf2 b6 20. Qc2 Qe7 21. Ng3 exd4
22. cxd4 Bxg3 23. Bxc4 Bxf2+ 24. Nxf2 Qd7 25. Rfd1 Rac8 26. Rac1 Ne7 27. Bxf7+
Rxf7 28. Qc4 g6 29. Nd3 Qg4 30. Rf1 Qxe4 31. Ne5 Rcf8 32. Nxf7 Rxf7 33. Rfe1
Qd5 34. Qxd5 cxd5 35. g4 f5 36. Rc7 Kf8 37. Rxa7 fxg4 38. Re6 Nf5 39. Rxf7+
Kxf7 40. Rxb6 Nxd4 41. a4 Nf3+ 42. Kf2 d4 43. a5 d3 44. a6 d2 45. Rd6 Ke7 46.
Rxd2 Nxd2 47. a7 Ne4+ 48. Ke3 g3 49. a8=Q Nd6 50. hxg3 Nf5+ 51. Kf4 Kf6 52.
Qc6+ Kg7 53. g4 Ne7 54. Qd7 Kf8 55. Ke5 1-0

[Event "Woerishofen sen 2016"]
[Site "Bad Woerishofen"]
[Date "2016.02.29"]
[Round "4.4"]
[White "Okrajek, Alexander"]
[Black "Lainburg, Viktor"]
[Result "1-0"]
[WhiteElo "2224"]
[BlackElo "2033"]
[PlyCount "55"]
[EventDate "2016.02.26"]
[EventType "swiss"]
[EventCountry "GER"]
[WhiteTeam "Siegburg SC"]
[BlackTeam "Ulm SC Weisse Dame"]
[WhiteTeamCountry "GER"]
[BlackTeamCountry "GER"]

1. Nf3 Nf6 2. c4 c5 3. Nc3 e6 4. d4 cxd4 5. Nxd4 d6 6. e4 a6 7. Be2 Qc7 8. O-O
Be7 9. Be3 O-O 10. Rc1 Bd7 11. b4 Nc6 12. Nd5 exd5 13. cxd5 Rfc8 14. dxc6 bxc6
15. Bf3 Qb8 16. e5 Nd5 17. Nxc6 Bxc6 18. Rxc6 Nxe3 19. Rxc8+ Qxc8 20. fxe3 Rb8
21. exd6 Bg5 22. d7 Qd8 23. Qd3 Rxb4 24. Rc1 Qb6 25. Rc8+ Bd8 26. h3 g6 27. a3
Rb5 28. Qd4 1-0

[Event "Woerishofen sen 2016"]
[Site "Bad Woerishofen"]
[Date "2016.02.29"]
[Round "4.5"]
[White "Heppell, Ian N"]
[Black "Witte, Manfred"]
[Result "1/2-1/2"]
[WhiteElo "2077"]
[BlackElo "2210"]
[PlyCount "70"]
[EventDate "2016.02.26"]
[EventType "swiss"]
[EventCountry "GER"]
[WhiteTeam "ENG"]
[BlackTeam "Hermsdorf VfB"]
[WhiteTeamCountry "ENG"]
[BlackTeamCountry "GER"]

1. e4 c5 2. Nf3 Nc6 3. c3 d5 4. exd5 Qxd5 5. d4 Nf6 6. Be2 Bf5 7. c4 Qd6 8. d5
Nb4 9. Na3 e5 10. O-O a6 11. Bd2 Be7 12. Bc3 Nd7 13. Ne1 O-O 14. Nac2 Nxc2 15.
Nxc2 Bg6 16. Bh5 Bxc2 17. Qxc2 g6 18. Be2 f5 19. f3 Bf6 20. Rae1 Rfe8 21. Bd3
b5 22. b3 b4 23. Bd2 a5 24. g4 e4 25. fxe4 fxg4 26. Bf4 Be5 27. Qd2 Rf8 28. Bh6
Rf3 29. Rxf3 gxf3 30. Rf1 Bd4+ 31. Kh1 Ne5 32. Qf4 Rd8 33. Bc2 Rd7 34. Qg3 Rf7
35. Bd1 f2 1/2-1/2

[Event "Woerishofen sen 2016"]
[Site "Bad Woerishofen"]
[Date "2016.02.29"]
[Round "4.6"]
[White "Glatthor, Thomas"]
[Black "Bhend, Edwin"]
[Result "0-1"]
[WhiteElo "2071"]
[BlackElo "2188"]
[PlyCount "82"]
[EventDate "2016.02.26"]
[EventType "swiss"]
[EventCountry "GER"]
[WhiteTeam "Hermsdorf VfB"]
[BlackTeam "SUI"]
[WhiteTeamCountry "GER"]
[BlackTeamCountry "SUI"]

1. Nf3 d5 2. d4 Nc6 3. c4 Bg4 4. cxd5 Bxf3 5. dxc6 Bxc6 6. Nc3 e6 7. e4 Bb4 8.
f3 Qh4+ 9. g3 Qf6 10. a3 Ba5 11. Bg2 O-O-O 12. Be3 Bb6 13. e5 Qg6 14. Ne2 h5
15. Qb1 Qxb1+ 16. Rxb1 Ne7 17. Bg5 Rd7 18. Bxe7 Rxe7 19. Rd1 Rd7 20. Kf2 Rhd8
21. Rd2 Bxd4+ 22. Nxd4 Rxd4 23. Rxd4 Rxd4 24. Re1 Bb5 25. b3 Rd2+ 26. Kg1 Bc6
27. Re3 Bb5 28. f4 Bd3 29. Bf3 g6 30. b4 c6 31. a4 Kc7 32. Re1 Kb6 33. Rd1
Rxd1+ 34. Bxd1 a5 35. bxa5+ Kxa5 36. Kf2 Kb4 37. h4 Kc3 38. g4 hxg4 39. Bxg4 b6
40. Bf3 c5 41. Bc6 Kd2 0-1

[Event "Woerishofen sen 2016"]
[Site "Bad Woerishofen"]
[Date "2016.02.29"]
[Round "4.7"]
[White "Kelchner, Hans"]
[Black "Villing, Dieter"]
[Result "1-0"]
[WhiteElo "2157"]
[BlackElo "2055"]
[PlyCount "65"]
[EventDate "2016.02.26"]
[EventType "swiss"]
[EventCountry "GER"]
[WhiteTeam "Ludwigshafen SK"]
[BlackTeam "Ludwigshafen SK"]
[WhiteTeamCountry "GER"]
[BlackTeamCountry "GER"]

1. c4 e5 2. Nc3 d6 3. g3 g6 4. Bg2 Bg7 5. d3 Nf6 6. e3 O-O 7. Nge2 c6 8. O-O
Na6 9. Rb1 Nc7 10. b4 d5 11. cxd5 cxd5 12. d4 e4 13. a4 Bg4 14. h3 Bf5 15. Ba3
h5 16. b5 Re8 17. b6 axb6 18. Rxb6 Ne6 19. Rxb7 Ng5 20. Nf4 Qc8 21. Qb3 Nxh3+
22. Nxh3 Bxh3 23. Nxd5 Be6 24. Nxf6+ Bxf6 25. d5 Bd7 26. Rc1 Qd8 27. Rcc7 Bxa4
28. Qc4 Bb5 29. Qxb5 Rxa3 30. Rxf7 Ra1+ 31. Kh2 Ra8 32. Rbd7 Ra5 33. Qb7 1-0

[Event "Woerishofen sen 2016"]
[Site "Bad Woerishofen"]
[Date "2016.02.29"]
[Round "4.8"]
[White "Waltenberger, Udo"]
[Black "Zunker, Reinhard"]
[Result "1/2-1/2"]
[WhiteElo "2026"]
[BlackElo "2153"]
[PlyCount "79"]
[EventDate "2016.02.26"]
[EventType "swiss"]
[EventCountry "GER"]
[WhiteTeam "Reichenbrand SV Eiche"]
[BlackTeam "Hofheim SV"]
[WhiteTeamCountry "GER"]
[BlackTeamCountry "GER"]

1. d4 g6 2. g3 Nf6 3. Bg2 d5 4. Nf3 Bg7 5. O-O O-O 6. c4 c6 7. b3 Na6 8. cxd5
cxd5 9. Bb2 Bf5 10. Nc3 Ne4 11. Rc1 Nb4 12. a3 Nxc3 13. Rxc3 Nc6 14. Rc5 Be4
15. Ne5 Bxe5 16. Bxe4 dxe4 17. dxe5 Qxd1 18. Rxd1 Rfd8 19. Rcd5 Kf8 20. Rxd8+
Rxd8 21. Rxd8+ Nxd8 22. f3 exf3 23. exf3 Ke8 24. Kf2 Kd7 25. Ke3 Ke6 26. b4 Kd5
27. Kd3 Nc6 28. f4 b5 29. Bc3 a6 30. Be1 f6 31. exf6 exf6 32. Bc3 f5 33. Be1
Ne7 34. Bf2 Nc6 35. Be1 Nb8 36. Bf2 Nd7 37. Bd4 h5 38. h4 Nb8 39. Bf2 Nc6 40.
Be1 1/2-1/2

[Event "Woerishofen sen 2016"]
[Site "Bad Woerishofen"]
[Date "2016.02.29"]
[Round "4.9"]
[White "Born, Bernd Ludger"]
[Black "Pfitzer, Norbert"]
[Result "0-1"]
[WhiteElo "2105"]
[BlackElo "2034"]
[PlyCount "134"]
[EventDate "2016.02.26"]
[EventType "swiss"]
[EventCountry "GER"]
[WhiteTeam "Pfullingen SF"]
[BlackTeam "Aalen Ellwangen SV"]
[WhiteTeamCountry "GER"]
[BlackTeamCountry "GER"]

1. d4 Nf6 2. c4 g6 3. g3 Bg7 4. Bg2 O-O 5. Nc3 d6 6. Nf3 Nc6 7. O-O Bd7 8. b3
e5 9. e3 a6 10. Bb2 Bg4 11. h3 Bd7 12. Kh2 Ne8 13. dxe5 Nxe5 14. Nxe5 Bxe5 15.
Bxb7 Ra7 16. Bg2 c6 17. Qd2 Qc8 18. Ne2 Be6 19. Nf4 Bxb2 20. Qxb2 g5 21. Nxe6
fxe6 22. f4 gxf4 23. Rxf4 Rxf4 24. exf4 c5 25. Re1 Ng7 26. Qe2 Re7 27. Qg4 Kh8
28. Be4 Qf8 29. Qd1 Rc7 30. Qd2 Re7 31. Bc2 Ne8 32. f5 e5 33. g4 Qf6 34. Qe3
Rg7 35. Rg1 h6 36. Rg2 Qh4 37. Bd1 Qg5 38. Qxg5 hxg5 39. Kg3 Rh7 40. Rh2 Rh4
41. a3 Kg7 42. b4 cxb4 43. axb4 Kf6 44. Bf3 Nc7 45. Bb7 Rh8 46. Bc6 Rb8 47. b5
axb5 48. cxb5 d5 49. h4 gxh4+ 50. Rxh4 d4 51. Rh6+ Kg7 52. Rg6+ Kf7 53. b6 Na6
54. Bd5+ Ke7 55. Re6+ Kf8 56. b7 Nb4 57. Rg6 Nxd5 58. f6 Rxb7 59. Rh6 Rb3+ 60.
Kf2 e4 61. g5 e3+ 62. Kf3 d3 63. Rh8+ Kf7 64. Rd8 Rb5 65. Rd6 e2 66. Kf2 Rb1
67. Rd7+ Ke6 0-1

[Event "Woerishofen sen 2016"]
[Site "Bad Woerishofen"]
[Date "2016.02.29"]
[Round "4.10"]
[White "Lange, Manfred"]
[Black "Hoeschele, Hans Ulrich"]
[Result "0-1"]
[WhiteElo "2098"]
[BlackElo "1979"]
[PlyCount "92"]
[EventDate "2016.02.26"]
[EventType "swiss"]
[EventCountry "GER"]
[WhiteTeam "Wuerzburg SV"]
[BlackTeam "Stuttgarter SF"]
[WhiteTeamCountry "GER"]
[BlackTeamCountry "GER"]

1. Nf3 d5 2. c4 Nf6 3. g3 c6 4. Bg2 g6 5. O-O Bg7 6. d4 O-O 7. Nc3 Nbd7 8. b3
Re8 9. Bb2 Qa5 10. a3 dxc4 11. bxc4 Nb6 12. Qd3 Qh5 13. Ne5 Ng4 14. Nxg4 Bxg4
15. Rfe1 Rad8 16. e3 Be6 17. c5 Nc4 18. Qc2 Nxb2 19. Qxb2 Bc8 20. Qb3 Qf5 21.
Rad1 Qd7 22. d5 Qc7 23. e4 cxd5 24. Nxd5 Qxc5 25. Rc1 Qd6 26. Red1 Be6 27. Qxb7
Qxa3 28. Rc7 Bxd5 29. exd5 Bd4 30. Rdc1 Bb6 31. R7c2 Rd6 32. Rc8 Kg7 33. Rf1
Qb2 34. Qa8 Rxc8 35. Qxc8 Rf6 36. Qc1 Rxf2 37. Qxb2+ Rxb2+ 38. Kh1 Bc5 39. Be4
a5 40. Rb1 Rd2 41. Rb5 Bb4 42. g4 Rd4 43. Bf3 a4 44. Rb6 a3 45. Ra6 Bd6 46. h4
h5 0-1